<?xml version="1.0" encoding="UTF-8"?>
<record
    xmlns:xsi="http://www.w3.org/2001/XMLSchema-instance"
    xsi:schemaLocation="http://www.loc.gov/MARC21/slim http://www.loc.gov/standards/marcxml/schema/MARC21slim.xsd"
    xmlns="http://www.loc.gov/MARC21/slim">

  <leader>01453nam a22001337a 4500</leader>
  <controlfield tag="008">170718b        xxu||||| |||| 00| 0 eng d</controlfield>
  <datafield tag="020" ind1=" " ind2=" ">
    <subfield code="a">9780692549407</subfield>
  </datafield>
  <datafield tag="050" ind1=" " ind2=" ">
    <subfield code="a">UN/2015/46/BK/17</subfield>
  </datafield>
  <datafield tag="245" ind1=" " ind2=" ">
    <subfield code="a">Preventing conflict transforming justice securing the peace: a global study on implementation of United Nations Security Council resolutoin 1325. /</subfield>
  </datafield>
  <datafield tag="260" ind1=" " ind2=" ">
    <subfield code="a">New York:</subfield>
    <subfield code="b">UN.,</subfield>
    <subfield code="c">2015.</subfield>
  </datafield>
  <datafield tag="300" ind1=" " ind2=" ">
    <subfield code="a">416p.:</subfield>
    <subfield code="c">28cm.</subfield>
  </datafield>
  <datafield tag="505" ind1=" " ind2=" ">
    <subfield code="a">Contents: Setting the context -- The Normative framework for women, peace and security -- Women's participation and a better understanding of the political -- Protecting and promoting the rights and leadership of women and girls in humanitarian settings -- Toward and era of transformative justice -- Keeping the peace in an increasingly militarized world -- Building inclusive and peaceful societies in the aftermath of conflict -- Preventing conflict: the origins of the women, peace and security agenda -- Countering violent extremism while respecting the rights and autonomy of women and their communities -- Key actors fro women, peace and security: monitoring and accountability -- Women, peace and security and the UN security council -- Linkages between human rights mechanisms and the security council resolutions on women, peace and security: opportunities for enhanced accountability for implementation -- Financing of the women, peace and security agenda -- General guidelines and recommendations.</subfield>
  </datafield>
  <datafield tag="942" ind1=" " ind2=" ">
    <subfield code="2">lcc</subfield>
    <subfield code="c">BK</subfield>
  </datafield>
  <datafield tag="999" ind1=" " ind2=" ">
    <subfield code="c">6426</subfield>
    <subfield code="d">13926</subfield>
  </datafield>
  <datafield tag="952" ind1=" " ind2=" ">
    <subfield code="0">0</subfield>
    <subfield code="1">0</subfield>
    <subfield code="2">lcc</subfield>
    <subfield code="4">0</subfield>
    <subfield code="7">0</subfield>
    <subfield code="a">WIUC-1</subfield>
    <subfield code="b">WIUC-1</subfield>
    <subfield code="c">United Nations</subfield>
    <subfield code="d">2017-07-18</subfield>
    <subfield code="l">0</subfield>
    <subfield code="o">UN/2015/46/BK/17</subfield>
    <subfield code="p">46/BK/17</subfield>
    <subfield code="r">2017-07-18 00:00:00</subfield>
    <subfield code="t">1</subfield>
    <subfield code="w">2017-07-18</subfield>
    <subfield code="y">BK</subfield>
  </datafield>
</record>
